Statistics for Netherlands National Football Team

Click here to take the quiz!

General Stats

  • This quiz has been taken 58 times
  • The average score is 10 of 18

Answer Stats

Goals Caps Player % Correct
50102Robin van Persie
87%
3348Johan Cruyff
87%
4079Patrick Kluivert
81%
0130Edwin van der Sar
79%
3570Ruud van Nistelrooy
77%
3796Arjen Robben
74%
31134Wesley Sneijder
72%
3779Dennis Bergkamp
66%
13112Frank de Boer
62%
25109Rafael van der Vaart
60%
1187Clarence Seedorf
60%
10101Phillip Cocu
55%
4276Klaas-Jan Huntelaar
51%
6106Giovanni van Bronckhorst
47%
24104Dirk Kuyt
43%
787John Heitinga
30%
3538Faas Wilkes
4%
3347Abe Lenstra
4%

Score Distribution

Percentile by Number Answered

Percent of People with Each Score

Your Score History

You have not taken this quiz